000 01207cam a22002653a 4500
001 5827
003 PGUSA
005 20140828083125.0
008 040601s2004||||xxu|||||s|||||000 | eng d
040 _aPGUSA
_beng
042 _adc
050 4 _aB
100 1 _aRussell, Bertrand,
_d1872-1970
245 1 4 _aThe Problems of Philosophy
_h[electronic resource] /
_cBertrand Russell
260 _bProject Gutenberg,
_c2004
505 0 _aAppearance and reality -- The existence of matter -- The nature of matter -- Idealism -- Knowledge by acquaintance and knowledge by description -- On induction -- On our knowledge of general principles -- How a priori knowledge is possible -- The world of universals -- On our knowledge of universals -- On intuitive knowledge -- Truth and falsehood -- Knowledge, error, and probable opinion -- The limits of philosophical knowledge -- The value of philosophy -- Bibliographical note.
506 _aPublic domain in the USA.
516 _aElectronic text
653 _aMetaphysics
653 _aPhilosophy -- Introductions
653 _aKnowledge, Theory of
830 0 _aProject Gutenberg
_v5827
856 4 0 _uhttp://www.gutenberg.org/ebooks/5827
942 _cEB
999 _c235155
_d235155